Responses for Show #3193 - Wednesday, June 17, 1998

Dave Abbott game 2.

Contestants

[<< previous game]

Faith Kirkham Hawkins, a preacher and doctoral candidate from Decatur, Georgia

Bruce Carmen, an attorney from Elk Grove Village, Illinois

Dave Abbott, a musician and contract manager from Cincinnati, Ohio (whose 1-day cash winnings total $16,200)

[next game >>]

Jeopardy! Round responses

FIRST LADIES
U.S. CITIES
MAMMALS
HITCHCOCK'S CATTLE
(Alex: He once referred to actors as "cattle".)
IT'S BIG IN JAPAN
ANAGRAMMED COUNTRIES
    $100 2
Eleanor Roosevelt

Bruce
    $100 11
(Dave: Who are the Dodgers?)
...
(Alex: Needed the city.)

Los Angeles

DaveBruce
    $100 16
bears

Dave
    $100 1
Raymond Burr

Faith
    $100 21
the navel

Dave
    $100 23
(Dave: [No response])

Tonga

Dave
Triple Stumper
    $200 3
Rosalynn Carter

Dave
    $200 12
Hartford

Dave
    $200 17
an armadillo

Dave
    $200 4
Mount Rushmore

Faith
    $200 22
fly fishing

Faith
    $200 24
Brazil

Bruce
    $300 8
Betty Ford

Faith
    $300 13
Grand Junction

Triple Stumper
    $300 18
lemurs

Dave
    $300 5
Psycho

Faith
    $300 28
the subway

Dave
    $300 25
Poland

Bruce
    $400 9
"Hail To The Chief"

Dave
    $400 14
Abilene

Bruce
    $400 19
the dingo

Dave
    $400 6
The Birds

Faith
    $400 29
Anne Frank

Faith
    $400 26
Mongolia

Triple Stumper
    $600 10
William McKinley

Dave
    $500 15
Rapid City

Dave
    $500 20
hares

Triple Stumper
    $500 7
Bruce Dern

Faith
    $500 30
(Dave: Who are The Rolling Stones?)
(Faith: What is AC/DC?)

Cheap Trick

DaveFaith
Triple Stumper
    $500 27
Honduras

Bruce

Scores at the first commercial break (after clue 15):

Dave Bruce Faith
$1,800 $600 $1,800

Scores at the end of the Jeopardy! Round:

Dave Bruce Faith
$2,600 $1,600 $1,900

Double Jeopardy! Round responses

THE LIBRARY OF ALEXANDRIA
TAKE THE CAKE
1948
BRIT ROCK
FURNITURE
"MAC" WORDS
    $200 11
Mark Antony

Dave
    $200 13
pound cake

Faith
    $200 6
SAS (Scandinavian Arilines)

Dave
    $200 23
Keith Richards

Faith
    $200 21
a headboard

Dave
    $200 1
macrobiotic

Bruce
    $400 12
the Iliad & the Odyssey

Bruce
    $400 14
(Dave: What is Streudel?)

Streusel

DaveFaith
    $400 7
Thomas Dewey

Faith
    $400 26
Wham!

Faith
    $400 22
(Dave: Oh no... no.)

a bench

DaveBruce
    $400 2
"MacArthur Park"

Bruce
    $600 18
Euclid

Triple Stumper
    $600 15
Boston cream pie

Dave
    $600 8
[Mother is Princess Elizabeth]

Prince Charles

Faith
    $600 27
Black Sabbath

Bruce
    $600 30
(Dave: What is a piano?)

a leg

Dave
Triple Stumper
    $600 3
Macadamia nuts

Bruce
    $800 19
circumference

Dave
    $800 16
devil's food cake

Dave
    $1,000 9
(Faith: Who is Nasser?)

King Farouk

Faith
    $800 28
Katrina and the Waves

Faith
    $800 25
(Dave: What is patina?)

knots

DaveBruce
    $800 4
Mackinac Island

Bruce
    $1,500 20
Aristophanes

Dave
    $1000 17
rum baba

Dave
    $1000 10
(Bruce: Who is David Ben-Gurion?)
(Dave: Who is...)

Chaim Weizmann

DaveBruce
Triple Stumper
    $1000 29
The Cure

Triple Stumper
    $1000 24
Federal period

Triple Stumper
    $1000 5
Macheath

Dave

Scores at the end of the Double Jeopardy! Round:

Dave Bruce Faith
$5,700 $4,800 $3,900

[wagering suggestions for these scores]

Final Jeopardy! Round responses

TELEVISION PERSONALITIES
FaithWho is Fred Rogers?
$3,000
BruceWho is Bishop Sheen
$3,001
DaveWho is Fred Rogers?
$3,900
Fred Rogers (host of Mister Rogers' Neighborhood)

Final scores:

Dave Bruce Faith
$9,600 $1,799 $6,900
2-day champion: $25,800 3rd place: Panasonic 13" Color TV & VCR Combo 2nd place: Windjammer Caribbean Houseboat Cruise

Game dynamics:

Coryat scores:

Dave Bruce Faith
$5,100 $4,800 $4,900
20 R
(including 2 DDs),
8 W
14 R,
1 W
15 R,
2 W
(including 1 DD)

Combined Coryat: $14,800

[game clues] [game scores] [suggest correction]

Game tape date: 1998-03-04
The J! Archive is created by fans, for fans. Scraping, republication, monetization, and malicious use prohibited; this site may use cookies and collect identifying information. See terms. The Jeopardy! game show and all elements thereof, including but not limited to copyright and trademark thereto, are the property of Jeopardy Productions, Inc. and are protected under law. This website is not affiliated with, sponsored by, or operated by Jeopardy Productions, Inc. Join the discussion at JBoard.tv.